Netherlands UEFA Euro squads 1976 - 2024 - Statistics

General Stats
  • This quiz has been taken 143 times
    116 since last reset
  • The average score is 133 of 257
Answer Stats
# Hint Answer % Correct
15 MvdV Micky van de Ven
99%
4 | 15 | 17 | M FdB Frank de Boer
96%
6 | 16 RdB Ronald de Boer
96%
21 FdJ Frenkie de Jong
95%
9 | 18 LdJ Luuk de Jong
95%
8 | 17 NdJ Nigel de Jong
95%
7 | 16 RvP Robin van Persie
93%
10 MD Memphis Depay
92%
4 VvD Virgil van Dijk
92%
7 XS Xavi Simons
92%
3 MdL Matthijs de Ligt
91%
4 | M RK Ronald Koeman
91%
1 EvdS Edwin van der Sar
88%
13 EK Erwin Koeman
88%
11 | 19 AR Arjen Robben
87%
22 DD Denzel Dumfries
87%
10 | 14 WS Wesley Sneijder
87%
9 | 19 WW Wout Weghorst
87%
11 | 26 CG Cody Gakpo
85%
8 GW Georginio Wijnaldum
85%
1 | 16 MS Maarten Stekelenburg
84%
6 SdV Stefan de Vrij
84%
1 BV Bart Verbruggen
83%
17 DB Daley Blind
83%
3 | 5 DB Danny Blind
83%
4 | 5 NA Nathan Aké
81%
9 | 12 | M MvB Marco van Basten
79%
25 SB Steven Bergwijn
79%
7 | 18 DK Dirk Kuyt
77%
6 MvB Mark van Bommel
77%
12 JF Jeremie Frimpong
76%
11 | 23 RvdV Rafael van der Vaart
76%
10 RG Ruud Gullit
76%
8 | 17 | M FR Frank Rijkaard
75%
9 | 19 KJH Klaas-Jan Huntelaar
75%
11 QP Quincy Promes
75%
18 DM Donyell Malen
73%
5 | 12 GvB Giovanni van Bronckhorst
73%
9 JC Johan Cruyff
73%
15 MdR Marten de Roon
73%
7 SB Steven Berghuis
72%
25 JT Jurriën Timber
71%
9 PK Patrick Kluivert
71%
14 TR Tijjani Reijnders
71%
19 BB Brian Brobbey
69%
7 | 10 DB Dennis Bergkamp
69%
3 | 18 JH John Heitinga
69%
2 GvdW Gregory van der Wiel
68%
2 LG Lutsharel Geertruida
68%
8 ED Edgar Davids
67%
16 | 26 RG Ryan Gravenberch
65%
3 | 5 JS Jaap Stam
64%
24 JS Jerdy Schouten
64%
16 JV Joey Veerman
64%
20 JZ Joshua Zirkzee
64%
12 PvA Patrick van Aanholt
64%
4 | 6 | 20 CS Clarence Seedorf
63%
21 IM Ian Maatsen
61%
17 JC Jordi Cruyff
61%
13 JB Justin Bijlow
61%
23 MF Mark Flekken
60%
6 | 7 | 20 PC Phillip Cocu
59%
11 | 16 MO Marc Overmars
57%
5 OW Owen Wijndal
56%
24 TK Teun Koopmeiners
56%
4 JM Joris Mathijsen
55%
2 MR Michael Reiziger
53%
5 | 22 BZ Boudewijn Zenden
49%
M BvM Bert van Marwijk
48%
2 JV Joël Veltman
48%
21 KB Khalid Boulahrouz
48%
2 AO André Ooijer
45%
20 IA Ibrahim Afellay
45%
9 | 10 RvN Ruud van Nistelrooij
45%
14 DK Davy Klaassen
44%
6 DdZ Demy de Zeeuw
44%
22 JVoH Jan Vennegoor of Hesselink
44%
6 JN Johan Neeskens
44%
13 RV Ron Vlaar
44%
1 | 20 HvB Hans van Breukelen
43%
13 | 22 TK Tim Krul
41%
M DA Dick Advocaat
40%
17 PvH Pierre van Hooijdonk
40%
4 | 5 | 14 WB Wilfred Bouma
40%
7 WJ Wim Jansen
39%
7 AvdM Andy van der Meyde
37%
16 | 18 EdG Ed de Goey
37%
12 MV Michel Vorm
37%
12 | 21 RM Roy Makaay
37%
15 WB Winston Bogarde
37%
8 OE Orlando Engelaar
36%
5 | 12 | 15 | 20 AW Aron Winter
35%
15 JW Jetro Willems
35%
8 | 12 JR Johnny Rep
35%
M RM Rinus Michels
35%
13 HT Henk Timmer
32%
17 KS Kevin Strootman
32%
5 RK Ruud Krol
32%
12 WvH Willem van Hanegem
32%
2 | 3 AvT Adri van Tiggelen
31%
11 JvtS John van 't Schip
31%
12 | 14 WK Wim Kieft
31%
2 WS Wim Suurbier
31%
M GH Guus Hiddink
29%
12 MM Mario Melchiot
29%
7 | 15 RvdK René van de Kerkhof
29%
8 | 10 WvdK Willy van de Kerkhof
29%
10 AH Arie Haan
28%
13 | 19 AN Arthur Numan
28%
2 | 6 BvA Berry van Aerle
28%
11 RR Rob Rensenbrink
28%
14 SS Stijn Schaars
28%
15 TdC Tim de Cler
28%
6 | 20 JW Jan Wouters
27%
14 RW Richard Witschge
27%
14 RW Rob Witschge
27%
7 GV Gerald Vanenburg
25%
19 LN Luciano Narsingh
25%
15 | 21 PB Paul Bosvelt
25%
1 PS Piet Schrijvers
25%
18 WJ Wim Jonk
24%
8 AM Arnold Mühren
23%
9 JB John Bosman
23%
9 | 19 KK Kees Kist
23%
23 MB Marco Bizot
23%
13 | 22 SW Sander Westerveld
23%
19 YM Youri Mulder
23%
14 PvV Peter van Vossen
21%
4 AvK Adrie van Kraay
20%
20 BR Bryan Roy
20%
23 RW Ronald Waterreus
20%
13 RG Ruud Geels
20%
7 GT Gaston Taument
19%
18 JdK Johan de Kock
19%
13 SM Stanley Menzo
19%
13 BK Bert Konterman
17%
18 JJ Jan Jongbloed
17%
6 JP Jan Poortvliet
17%
21 RH Ruud Hesp
17%
3 WR Wim Rijsbergen
17%
21 EB Ernie Brandts
16%
16 PB Peter Bosz
16%
13 DN Dick Nanninga
15%
14 JP Jan Peters
15%
22 JV John Veldman
15%
16 JH Joop Hiele
15%
11 PH Peter Hoekstra
15%
19 EV Eric Viscaal
13%
3 MvdK Michel van de Korput
13%
16 PD Pim Doesburg
13%
4 HH Hugo Hovenkamp
12%
16 PA Peter Arntz
12%
3 ST Sjaak Troost
12%
20 WM Wim Meutstege
12%
11 HO Heini Otto
11%
2 BW Ben Wijnstekers
9%
18 WS Wilbert Suvrijn
8%
15 WK Wim Koevermans
8%
M GK George Knobel
4%
19 HK Hendrie Krüzen
4%
M JZ Jan Zwartkruis
4%
14 AK Adrie Koster
3%
18 FT Frans Thijssen
3%
15 HS Huub Stevens
3%
17 JR Jan Ruiter
1%
22 JM John Metgod
1%
17 MV Martien Vreijsen
1%
19 RZ Romeo Zondervan
1%
No matching quizzes found
Score Distribution
Percent of People with Each Score
Percentile by Number Answered
Your Score History
You have not taken this quiz since the last reset